Singular integrals and differentiability properties of functions
Guardat en:
| Autor principal: | |
|---|---|
| Format: | Llibre |
| Idioma: | anglès |
| Publicat: |
Princeton New Jersey:
Princeton University Press,
1970.
|
| Edició: | Fifth printing, with corrections, 1986 (copia 2) |
| Col·lecció: | Princeton Mathematical Series,
30. |
| Matèries: | |
| Etiquetes: |
Afegir etiqueta
Sense etiquetes, Sigues el primer a etiquetar aquest registre!
|
MARC
| LEADER | 00000nam a2200000 a 4500 | ||
|---|---|---|---|
| 001 | UCP0316 | ||
| 003 | CL-VaPUC | ||
| 005 | 20250221122428.0 | ||
| 008 | 990305e19700000US |||||||||||||||||eng|d | ||
| 020 | |a 0-691-08079-8 | ||
| 040 | |c Pontificia Universidad Católica de Valparaíso | ||
| 082 | 0 | 4 | |a 515.82433 STE 1970 |2 21 |
| 100 | 0 | |a Stein, Elías M |e author |9 425508 | |
| 245 | 1 | 0 | |a Singular integrals and differentiability properties of functions |
| 250 | |a Fifth printing, with corrections, 1986 (copia 2) | ||
| 260 | |a Princeton New Jersey: |b Princeton University Press, |c 1970. | ||
| 300 | |a 278 páginas | ||
| 490 | 0 | |a Princeton Mathematical Series, |v 30. | |
| 583 | |a last modification |c 20130317 12:29:01 |k Rodrigo Vera | ||
| 650 | 0 | |a Funciones de variables reales |9 304566 | |
| 650 | |a Análisis armónico |9 269929 | ||
| 650 | |a Integrales singulares |9 869822 | ||
| 650 | 0 | |a Análisis de Fourier |9 260464 | |
| 942 | |c BK |2 ddc | ||
| 945 | |d 19990305 00:00:00 |a crobeson | ||
| 999 | |c 279141 |d 279139 | ||
| 952 | |0 0 |1 0 |2 ddc |4 0 |6 515_824330000000000_STE_1970 |7 0 |8 A |9 583278 |a BIBMAT |b BIBMAT |c GEN |d 2022-05-25 |e 1 |g 140849.50 |i 5651381 |l 4 |m 2 |o 515.82433 STE 1970 |p 5651381 |r 2025-01-07 |s 2023-01-23 |t 2 |v 140849.50 |w 2022-05-25 |y BK |k MAT | ||